2025 NHL First Round Draft Selections - Statistics

General Stats
  • This quiz has been taken 58 times
  • The average score is 16 of 32
Answer Stats
Pick Name Team Position % Correct
1 Matthew Schaefer NYI D
100%
2 Michael Misa SJS C
97%
4 Caleb Desnoyers UTA C
80%
7 James Hagens BOS C
80%
3 Anton Frondell CHI C
74%
5 Brady Martin NSH C
74%
6 Porter Martone PHI RW
71%
16 Victor Eklund NYI RW
71%
9 Radim Mrtka BUF D
66%
10 Roger McQueen ANA C
63%
19 Justin Carbonneau STL RW
60%
17 Kashawn Aitcheson NYI D
57%
15 Braeden Cootes VAN C
51%
14 Jackson Smith CBJ D
51%
22 Bill Zonnon PIT RW
49%
11 Benjamin Kindel PIT C
46%
8 Jake O'Brien SEA C
46%
13 Carter Bear DET LW
40%
29 Mason West CHI C
40%
12 Jack Nesbitt PHI C
37%
30 Joshua Ravensbergen SJS G
37%
23 Logan Hensler OTT D
37%
20 Pyotr Andreyanov CBJ G
37%
18 Cole Reschny CGY C
34%
27 Lynden Lakovic WSH LW
34%
28 Sascha Boumedienne WPG D
34%
32 Cullen Potter CGY C
31%
24 William Horcoff PIT C
31%
21 Cameron Reid NSH D
23%
26 Ryker Lee NSH RW
20%
25 Vaclav Nestrasil CHI RW
20%
31 Henry Brzustewicz LAK D
14%
No matching quizzes found
Score Distribution
Percent of People with Each Score
Percentile by Number Answered
Your Score History
You have not taken this quiz